Evaluación y mejoramiento de las condiciones de operación de una torre de absorción de dioxido de carbono.
Guardado en:
| 主要作者: | |
|---|---|
| 格式: | 图书 |
| 出版: |
San José, Costa Rica
1994
|
| 主题: | |
| 标签: |
添加标签
没有标签, 成为第一个标记此记录!
|
MARC
| LEADER | 00000nam a2200000Ia 4500 | ||
|---|---|---|---|
| 003 | 007634 | ||
| 005 | 20221231144257.0 | ||
| 008 | 140114s1994 cr a m 000 ||s d | ||
| 040 | |c cru CEDI | ||
| 090 | |a TFG 3255 | ||
| 100 | |a Umaña Soto, Oscar |9 10913 | ||
| 245 | |a Evaluación y mejoramiento de las condiciones de operación de una torre de absorción de dioxido de carbono. | ||
| 260 | |c 1994 |a San José, Costa Rica | ||
| 300 | |a xi, [110] hojas. | ||
| 500 | |a Proyecto de graduación (licenciatura en ingeniería química)--Universidad de Costa Rica. Facultad de Ingeniería. Escuela de Ingeniería Química | ||
| 650 | |x DIOXIDO DE CARBONO |x GASES - ABSORCION Y ADSORCION |9 10914 | ||
| 942 | |c TFG | ||
| 999 | |c 19464 |d 19464 | ||
